[Event "Benasque op 44th"]
[Site "Benasque"]
[Date "2025.07.09"]
[Round "6"]
[White "Prraneeth, Vuppala"]
[Black "Vocaturo, Daniele"]
[Result "1/2-1/2"]
[WhiteElo "2469"]
[BlackElo "2575"]
[PlyCount "64"]
[EventDate "2025.07.04"]
[EventType "swiss"]
[EventRounds "10"]
[EventCountry "ESP"]
[SourceTitle "CB29_2025"]
[SourceDate "2025.07.16"]
[SourceVersion "1"]
[SourceVersionDate "2025.07.16"]
[SourceQuality "1"]

1. e4 c5 2. Nf3 Nc6 3. d4 cxd4 4. Nxd4 e5 5. Nb5 d6 6. c4 g6 7. Bd3 Nf6 8. 0-0 Bg7 9. N5c3 0-0 10. Nd5 Nxd5 11. cxd5 Nd4 12. Be3 f5 13. Nd2 Qh4 14. Bxd4 exd4 15. g3 Qd8 16. f4 Re8 17. Re1 Bd7 18. Qb3 fxe4 19. Nxe4 Qa5 20. Qxb7 Bf5 21. b4 Qb6 22. Qxb6 axb6 23. a4 Bxe4 24. Rxe4 Rxe4 25. Bxe4 d3 26. Ra2 d2 27. Rxd2 Rxa4 28. Rc2 Rxb4 29. Rc8+ Kf7 30. Rc7+ Kf8 31. Rc8+ Kf7 32. Rc7+ Kf8 1/2-1/2

[Event "Benasque op 44th"]
[Site "Benasque"]
[Date "2025.07.08"]
[Round "5"]
[White "Karthik, Venkataraman"]
[Black "Prraneeth, Vuppala"]
[Result "1/2-1/2"]
[WhiteElo "2540"]
[BlackElo "2469"]
[PlyCount "40"]
[EventDate "2025.07.04"]
[EventType "swiss"]
[EventRounds "10"]
[EventCountry "ESP"]
[SourceTitle "CB29_2025"]
[SourceDate "2025.07.16"]
[SourceVersion "1"]
[SourceVersionDate "2025.07.16"]
[SourceQuality "1"]

1. c4 e6 2. Nc3 Nf6 3. Nf3 d5 4. d4 c6 5. e3 Nbd7 6. Be2 Bd6 7. 0-0 0-0 8. Qc2 dxc4 9. Bxc4 e5 10. a3 h6 11. Ba2 Re8 12. h3 exd4 13. Nxd4 Nc5 14. Nf5 Bxf5 15. Qxf5 Qe7 16. Rd1 Rad8 17. Bd2 Nd3 18. Bc1 Nc5 19. Bd2 Nd3 20. Bc1 Nc5 1/2-1/2

[Event "Cesme op-A 11th"]
[Site "Izmir"]
[Date "2025.06.23"]
[Round "1"]
[White "Gunduz, Umut Erdem"]
[Black "Prraneeth, Vuppala"]
[Result "0-1"]
[WhiteElo "2268"]
[BlackElo "2476"]
[PlyCount "134"]
[EventDate "2025.06.23"]
[EventType "swiss"]
[EventRounds "9"]
[EventCountry "TUR"]
[SourceTitle "CB27_2025"]
[SourceDate "2025.07.02"]
[SourceVersion "1"]
[SourceVersionDate "2025.07.02"]
[SourceQuality "1"]

1. e4 c5 2. Nf3 e6 3. d4 cxd4 4. Nxd4 Nc6 5. Nc3 Bc5 6. Nb3 Bb4 7. Qg4 Nf6 8. Qxg7 Rg8 9. Qh6 Rg6 10. Qe3 d5 11. a3 d4 12. Qe2 Ba5 13. Nxa5 Qxa5 14. b4 Nxb4 15. Qb5+ Qxb5 16. Bxb5+ Nc6 17. Ne2 Bd7 18. 0-0 Nxe4 19. Bxc6 Bxc6 20. Nxd4 Bd5 21. f3 Nd6 22. Rb1 Rc8 23. Rf2 a6 24. Ne2 e5 25. Bb2 Nc4 26. Bxe5 Nd2 27. Rd1 Nxf3+ 28. Kh1 Nxe5 29. Rxd5 Ng4 30. Rf1 Rxc2 31. Nd4 Nf2+ 32. Kg1 Nh3+ 33. Kh1 Rcxg2 34. Re1+ Kf8 35. Rd8+ Kg7 36. Nf5+ Kf6 37. Ng3 Rb2 38. Rd6+ Kg5 39. Rd5+ Kg4 40. Rd4+ Nf4 41. Ne2 Rxe2 42. Rxe2 Kf3 43. Re1 Kf2 44. Rxf4+ Kxe1 45. Rxf7 b5 46. Rxh7 Kd2 47. Rc7 a5 48. Rb7 Rg5 49. h4 Rh5 50. Kg2 Kc3 51. Kg3 Kb3 52. Rg7 Rc5 53. Rg5 Rc3+ 54. Kg4 Ka4 55. h5 Rxa3 56. h6 Ra1 57. Rh5 Rg1+ 58. Kf5 Rg8 59. h7 Rh8 60. Ke4 b4 61. Kd4 Kb3 62. Rh3+ Ka2 63. Rh2+ Ka3 64. Kc4 b3 65. Rh3 Ka2 66. Kb5 b2 67. Rh2 Rxh7 0-1

[Event "Dubai op-A 25th"]
[Site "Dubai"]
[Date "2025.05.31"]
[Round "5"]
[White "Prraneeth, Vuppala"]
[Black "Movahed, Sina"]
[Result "0-1"]
[WhiteElo "2474"]
[BlackElo "2518"]
[PlyCount "58"]
[EventDate "2025.05.27"]
[EventType "swiss"]
[EventRounds "9"]
[EventCountry "UAE"]
[SourceTitle "CB23_2025"]
[SourceDate "2025.06.04"]
[SourceVersion "1"]
[SourceVersionDate "2025.06.04"]
[SourceQuality "1"]

1. c4 c5 2. g3 Nc6 3. Bg2 g6 4. Nc3 Bg7 5. Rb1 e6 6. h4 h6 7. a3 a5 8. Nf3 d6 9. d3 Nge7 10. Bd2 e5 11. Nd5 Nxd5 12. cxd5 Ne7 13. e4 a4 14. h5 g5 15. Nh2 f5 16. f4 exf4 17. gxf4 g4 18. Bc3 0-0 19. 0-0 Qe8 20. exf5 g3 21. Ng4 Nxf5 22. Be4 Qe7 23. Bxg7 Kxg7 24. Kg2 Kh8 25. Bxf5 Bxf5 26. Nxh6 Qh4 27. Nxf5 Qh2+ 28. Kf3 Rxf5 29. Ke4 Raf8 0-1

[Event "Dubai op-A 25th"]
[Site "Dubai"]
[Date "2025.05.30"]
[Round "4"]
[White "Talibov, Shiroghlan"]
[Black "Prraneeth, Vuppala"]
[Result "0-1"]
[WhiteElo "2423"]
[BlackElo "2474"]
[PlyCount "88"]
[EventDate "2025.05.27"]
[EventType "swiss"]
[EventRounds "9"]
[EventCountry "UAE"]
[SourceTitle "CB23_2025"]
[SourceDate "2025.06.04"]
[SourceVersion "1"]
[SourceVersionDate "2025.06.04"]
[SourceQuality "1"]

1. e4 c5 2. Nf3 e6 3. b3 d6 4. d4 cxd4 5. Nxd4 Nf6 6. Nd2 a6 7. Bb2 e5 8. N4f3 Be7 9. h3 Nbd7 10. Bd3 Nc5 11. 0-0 0-0 12. a4 Bd7 13. Re1 Bc6 14. Ba3 Nfd7 15. Qe2 Ne6 16. Nc4 Ndc5 17. Qd2 f6 18. Bb4 Nxd3 19. cxd3 d5 20. Na5 Bxb4 21. Qxb4 Nf4 22. Rad1 Qe8 23. Nxc6 bxc6 24. Kh2 Qh5 25. Ng1 Rad8 26. f3 Qg5 27. g3 Ne6 28. h4 Qh5 29. Kg2 Nd4 30. Qc3 f5 31. exf5 Qxf5 32. Re3 Qg6 33. Rxe5 Nf5 34. g4 Nxh4+ 35. Kg3 Nf5+ 36. Kf2 Nh4 37. Kg3 Qf6 38. d4 Ng6 39. Rh5 Qd6+ 40. Kf2 Nf4 41. Re5 Qh6 42. Qd2 Qh1 43. Ke3 Nh3 44. Rh5 Nxg1 0-1

[Event "Sharjah Masters-B 8th"]
[Site "Sharjah"]
[Date "2025.05.24"]
[Round "8"]
[White "Zia, Tahsin Tajwar"]
[Black "Prraneeth, Vuppala"]
[Result "0-1"]
[WhiteElo "2374"]
[BlackElo "2474"]
[PlyCount "96"]
[EventDate "2025.05.17"]
[EventType "swiss"]
[EventRounds "9"]
[EventCountry "UAE"]
[SourceTitle "CB22_2025"]
[SourceDate "2025.05.28"]
[SourceVersion "1"]
[SourceVersionDate "2025.05.28"]
[SourceQuality "1"]

1. Nf3 d5 2. d4 e6 3. c4 a6 4. Bg5 f6 5. Bd2 Nc6 6. Qb3 dxc4 7. Qxc4 Bd6 8. g3 Nge7 9. Bg2 b5 10. Qb3 0-0 11. 0-0 Kh8 12. Rc1 Qd7 13. Nc3 Bb7 14. Ne4 Nf5 15. e3 Qe7 16. Ne1 Nd8 17. Nd3 Nf7 18. Ba5 Rac8 19. Nxd6 cxd6 20. Bxb7 Qxb7 21. h4 Qe4 22. Nf4 e5 23. Ng2 d5 24. Bc3 g5 25. Qd1 Nxh4 26. gxh4 gxh4 27. f3 Qg6 28. Kh1 Rg8 29. Qe2 Qg3 30. dxe5 Qh3+ 31. Kg1 fxe5 32. f4 Rxg2+ 33. Qxg2 Rg8 34. Qxg8+ Kxg8 35. Kf2 Qh2+ 36. Kf3 Qg3+ 37. Ke2 Qg2+ 38. Kd3 Qe4+ 39. Kd2 Nd6 40. Rg1+ Kf7 41. b3 d4 42. exd4 exd4 43. Bb4 Qe3+ 44. Kc2 Qe2+ 45. Kc1 d3 46. Bd2 Ne4 47. Rd1 Nxd2 48. Rxd2 Qe1+ 0-1

[Event "Sharjah Masters-B 8th"]
[Site "Sharjah"]
[Date "2025.05.19"]
[Round "3"]
[White "Prraneeth, Vuppala"]
[Black "Schekachikhin, Maksim"]
[Result "0-1"]
[WhiteElo "2474"]
[BlackElo "2364"]
[PlyCount "54"]
[EventDate "2025.05.17"]
[EventType "swiss"]
[EventRounds "9"]
[EventCountry "UAE"]
[SourceTitle "CB22_2025"]
[SourceDate "2025.05.28"]
[SourceVersion "1"]
[SourceVersionDate "2025.05.28"]
[SourceQuality "1"]

1. e4 e6 2. d4 d5 3. e5 c5 4. c3 Nc6 5. Nf3 Bd7 6. Be2 f6 7. 0-0 fxe5 8. Nxe5 Nxe5 9. dxe5 Qc7 10. Re1 0-0-0 11. c4 Qxe5 12. Bf3 Qf5 13. Nc3 Nf6 14. Qb3 Bc6 15. Nb5 Kb8 16. a4 Bd6 17. Qa3 dxc4 18. Bxc6 Bxh2+ 19. Kxh2 Ng4+ 20. Kg3 Rd3+ 21. Bf3 h5 22. Nd6 Rxd6 23. Bxg4 Rd3+ 24. Bf3 h4+ 25. Kh2 h3 26. Kg1 g5 27. Be4 Qxe4 0-1

[Event "Asia-ch"]
[Site "Al Ain"]
[Date "2025.05.13"]
[Round "7"]
[White "Prraneeth, Vuppala"]
[Black "Ritviz, Parab"]
[Result "1-0"]
[WhiteElo "2474"]
[BlackElo "2362"]
[PlyCount "57"]
[EventDate "2025.05.07"]
[EventType "swiss"]
[EventRounds "9"]
[EventCountry "UAE"]
[SourceTitle "CB21_2025"]
[SourceDate "2025.05.21"]
[SourceVersion "1"]
[SourceVersionDate "2025.05.21"]
[SourceQuality "1"]

1. e4 e5 2. Nf3 Nc6 3. Bb5 a6 4. Ba4 Nf6 5. 0-0 Be7 6. d3 b5 7. Bb3 0-0 8. Nc3 d6 9. a3 Bg4 10. Be3 Nd4 11. Bxd4 exd4 12. Nd5 Nd7 13. h3 Bxf3 14. Qxf3 Nc5 15. Ba2 c6 16. Nxe7+ Qxe7 17. Qg3 Na4 18. Rab1 Rac8 19. f4 c5 20. Qe1 c4 21. dxc4 Rfe8 22. cxb5 axb5 23. e5 Rxc2 24. Qe4 Rd2 25. Rbe1 Nc5 26. Qd5 Qb7 27. exd6 Rf8 28. Re7 Qxd5 29. Bxd5 1-0

[Event "Reykjavik op"]
[Site "Reykjavik"]
[Date "2025.04.11"]
[Round "4"]
[White "Ornolfsson, Magnus P"]
[Black "Prraneeth, Vuppala"]
[Result "0-1"]
[WhiteElo "2174"]
[BlackElo "2433"]
[PlyCount "48"]
[EventDate "2025.04.09"]
[EventType "swiss"]
[EventRounds "9"]
[EventCountry "ISL"]
[SourceTitle "CB17_2025"]
[SourceDate "2025.04.23"]
[SourceVersion "1"]
[SourceVersionDate "2025.04.23"]
[SourceQuality "1"]

1. d4 Nf6 2. Nf3 e6 3. g3 b5 4. Bg2 Bb7 5. 0-0 Be7 6. a4 b4 7. a5 0-0 8. c4 a6 9. Nbd2 d6 10. Nb3 Nbd7 11. Bf4 Ne4 12. Qc2 f5 13. h4 h6 14. Rfd1 Ndf6 15. Nfd2 Qe8 16. Nxe4 Bxe4 17. Qd2 Bxg2 18. Kxg2 g5 19. hxg5 hxg5 20. Be3 f4 21. Bxf4 gxf4 22. Qxf4 Qg6 23. Rf1 Ng4 24. Qd2 Qe4+ 0-1

[Event "Tashkent Agzamov Memorial 18th"]
[Site "Tashkent"]
[Date "2025.03.28"]
[Round "9"]
[White "Prraneeth, Vuppala"]
[Black "Tiviakov, Sergei"]
[Result "1/2-1/2"]
[WhiteElo "2437"]
[BlackElo "2530"]
[PlyCount "96"]
[EventDate "2025.03.20"]
[EventType "swiss"]
[EventRounds "10"]
[EventCountry "UZB"]
[SourceTitle "CB14_2025"]
[SourceDate "2024.11.01"]
[SourceVersion "1"]
[SourceVersionDate "2024.11.01"]
[SourceQuality "1"]

1. d4 Nf6 2. c4 e6 3. Nf3 b6 4. g3 c6 5. Bg2 Be7 6. 0-0 0-0 7. Nc3 d5 8. Bf4 Ba6 9. cxd5 cxd5 10. Rc1 Bb7 11. Ne5 Nfd7 12. Nd3 Nf6 13. Bc7 Qe8 14. a4 Nc6 15. Ne5 Nxe5 16. dxe5 Ne4 17. Nxe4 dxe4 18. Qc2 Bc5 19. Bxe4 Rc8 20. Bxb7 Rxc7 21. Qe4 a5 22. Ba6 Qa8 23. Qxa8 Rxa8 24. Bb5 Rd8 25. Rfd1 Rcc8 26. Kg2 Kf8 27. f4 h5 28. Kf3 Ke7 29. h3 Rxd1 30. Rxd1 Rd8 31. Bd3 g6 32. b3 Rh8 33. Rc1 Rd8 34. Rh1 Rh8 35. Be4 Kd7 36. Bd3 Ke7 37. Bb5 Rd8 38. g4 Rh8 39. Rd1 Rd8 40. Bd3 Rh8 41. Kg3 hxg4 42. hxg4 Be3 43. Bb5 Rd8 44. Rh1 g5 45. fxg5 Bxg5 46. Rh5 Bc1 47. g5 Rd5 48. Rh8 Rd8 1/2-1/2

[Event "Wch U20 62nd"]
[Site "Petrovac"]
[Date "2025.03.03"]
[Round "7"]
[White "Kiladze, Luka"]
[Black "Prraneeth, Vuppala"]
[Result "1-0"]
[WhiteElo "2359"]
[BlackElo "2442"]
[PlyCount "105"]
[EventDate "2025.02.25"]
[EventType "swiss"]
[EventRounds "11"]
[EventCountry "MNE"]
[SourceTitle "CB11_2025"]
[SourceDate "2025.03.12"]
[SourceVersion "1"]
[SourceVersionDate "2025.03.12"]
[SourceQuality "1"]

1. e4 c5 2. Nf3 e6 3. g3 Nc6 4. Bg2 Nf6 5. Qe2 d6 6. c3 e5 7. 0-0 Be7 8. d3 0-0 9. Nbd2 Re8 10. a3 Bf8 11. b4 b6 12. Bb2 cxb4 13. cxb4 Ba6 14. Rfc1 Qd7 15. Nc4 g6 16. Qd2 b5 17. Ne3 Bb7 18. h4 a5 19. Bc3 axb4 20. axb4 Rxa1 21. Rxa1 Qd8 22. Nh2 Bh6 23. Qe2 Nd4 24. Bxd4 exd4 25. Neg4 Nxg4 26. Nxg4 Bg7 27. f4 Qc7 28. Ra7 Ra8 29. Qa2 Qb8 30. Rxa8 Qxa8 31. Qxa8+ Bxa8 32. e5 Bxg2 33. Kxg2 h5 34. Nf6+ Kf8 35. Kf3 Ke7 36. Ke4 dxe5 37. fxe5 Ke6 38. Kxd4 Bf8 39. Nd5 Bg7 40. Nf4+ Kf5 41. Kc5 Bxe5 42. d4 Bb8 43. d5 g5 44. hxg5 Kxg5 45. d6 Kf6 46. Kc6 Bxd6 47. Kxd6 Kg5 48. Ke7 f5 49. Ke6 h4 50. Nh3+ Kg4 51. gxh4 Kxh3 52. Kxf5 Kxh4 53. Ke5 1-0

[Event "Cappelle op 41st"]
[Site "Cappelle la Grande"]
[Date "2025.02.21"]
[Round "9"]
[White "Enchev, Ivajlo"]
[Black "Prraneeth, Vuppala"]
[Result "1/2-1/2"]
[WhiteElo "2407"]
[BlackElo "2442"]
[PlyCount "58"]
[EventDate "2025.02.15"]
[EventType "swiss"]
[EventRounds "9"]
[EventCountry "FRA"]
[SourceTitle "CB09_2025"]
[SourceDate "2025.02.27"]
[SourceVersion "1"]
[SourceVersionDate "2025.02.27"]
[SourceQuality "1"]

1. d4 d5 2. Nf3 e6 3. c4 c6 4. g3 dxc4 5. Bg2 b5 6. Ne5 Bb4+ 7. Nc3 Ne7 8. 0-0 f6 9. Nf3 Nd5 10. Bd2 Nxc3 11. bxc3 Ba3 12. Bc1 Bxc1 13. Qxc1 Nd7 14. Nd2 Bb7 15. a4 a6 16. Qa3 Qe7 17. Rfb1 Qxa3 18. Rxa3 Ke7 19. Nxc4 bxc4 20. Rxb7 Kd6 21. a5 Rhb8 22. Rxb8 Rxb8 23. Ra4 Rb1+ 24. Bf1 c5 25. e3 e5 26. Kg2 exd4 27. exd4 cxd4 28. Rxc4 dxc3 29. Rxc3 Ke5 1/2-1/2

[Event "Cappelle op 41st"]
[Site "Cappelle la Grande"]
[Date "2025.02.20"]
[Round "8"]
[White "Prraneeth, Vuppala"]
[Black "Degardin, Sylvain"]
[Result "1-0"]
[WhiteElo "2442"]
[BlackElo "2309"]
[PlyCount "55"]
[EventDate "2025.02.15"]
[EventType "swiss"]
[EventRounds "9"]
[EventCountry "FRA"]
[SourceTitle "CB09_2025"]
[SourceDate "2025.02.27"]
[SourceVersion "1"]
[SourceVersionDate "2025.02.27"]
[SourceQuality "1"]

1. e4 e5 2. Nf3 Nc6 3. Bb5 a6 4. Ba4 Nf6 5. 0-0 Be7 6. Re1 b5 7. Bb3 0-0 8. h3 Bb7 9. Nc3 Nd4 10. Nxd4 exd4 11. Nd5 Nxd5 12. Bxd5 Bxd5 13. exd5 Bf6 14. d3 Re8 15. Bf4 d6 16. Qg4 Qc8 17. Rxe8+ Qxe8 18. Bd2 c5 19. Re1 Qc8 20. Qxc8+ Rxc8 21. Bf4 Rd8 22. Bxd6 c4 23. Bc7 Rf8 24. d6 Bd8 25. dxc4 bxc4 26. Rd1 Bf6 27. d7 Ra8 28. Re1 1-0

[Event "Cappelle op 41st"]
[Site "Cappelle la Grande"]
[Date "2025.02.17"]
[Round "3"]
[White "Kurmangaliyeva, Liya"]
[Black "Prraneeth, Vuppala"]
[Result "1/2-1/2"]
[WhiteElo "2251"]
[BlackElo "2442"]
[PlyCount "79"]
[EventDate "2025.02.15"]
[EventType "swiss"]
[EventRounds "9"]
[EventCountry "FRA"]
[SourceTitle "CB09_2025"]
[SourceDate "2025.02.27"]
[SourceVersion "1"]
[SourceVersionDate "2025.02.27"]
[SourceQuality "1"]

1. e4 c5 2. Nf3 d6 3. d4 cxd4 4. Nxd4 Nf6 5. Nc3 a6 6. h3 e5 7. Nb3 Be7 8. g4 h6 9. Be3 Be6 10. Qf3 Nbd7 11. 0-0-0 Rc8 12. Nd5 Bxd5 13. exd5 Nb6 14. Kb1 Nc4 15. Bc1 Nd7 16. Qe4 Nf6 17. Qe2 Nd7 18. Qe4 Nf6 19. Qg2 a5 20. h4 Qc7 21. Bd3 e4 22. Bxe4 Nxe4 23. Qxe4 0-0 24. g5 Rfe8 25. Rde1 a4 26. Nd4 Qb6 27. Qd3 Ne5 28. Qd1 Nc4 29. Rh3 h5 30. f4 Bf8 31. Rxe8 Rxe8 32. g6 fxg6 33. Ne6 Be7 34. Rc3 Nxb2 35. Bxb2 Bf6 36. Qd3 Qg1+ 37. Bc1 Qb6+ 38. Bb2 Qg1+ 39. Bc1 Qb6+ 40. Bb2 1/2-1/2

[Event "Yerevan Margaryan Memorial GM"]
[Site "Yerevan"]
[Date "2025.01.11"]
[Round "4"]
[White "Prraneeth, Vuppala"]
[Black "Gasparyan, Erik R"]
[Result "1/2-1/2"]
[WhiteElo "2450"]
[BlackElo "2394"]
[PlyCount "133"]
[EventDate "2025.01.08"]
[EventType "tourn"]
[EventRounds "9"]
[EventCountry "ARM"]
[EventCategory "7"]
[SourceTitle "CB04_2025"]
[SourceDate "2025.01.22"]
[SourceVersion "1"]
[SourceVersionDate "2025.01.22"]
[SourceQuality "1"]

1. d4 Nf6 2. c4 e6 3. Nf3 d5 4. Nc3 Be7 5. cxd5 exd5 6. Bf4 Nh5 7. Bd2 Nf6 8. h3 c6 9. Bf4 Bf5 10. g4 Bg6 11. Ne5 Nbd7 12. Nxg6 hxg6 13. e3 Nb6 14. Bd3 Bd6 15. Qf3 Bxf4 16. Qxf4 Qe7 17. Kf1 Qb4 18. Rb1 Nc4 19. Bxc4 Qxc4+ 20. Kg2 Qb4 21. h4 a5 22. a3 Qe7 23. f3 Nd7 24. e4 dxe4 25. Nxe4 Nf6 26. Nd6+ Kf8 27. Rbe1 Qd7 28. Ne4 Nd5 29. Qe5 b6 30. Kg3 f6 31. Qd6+ Qxd6+ 32. Nxd6 Rd8 33. Nc4 Kf7 34. Re4 a4 35. Rhe1 b5 36. Na5 Rd6 37. Nb7 Rd7 38. Nc5 Re7 39. Rxe7+ Nxe7 40. Nb7 Rb8 41. Nd6+ Kf8 42. Re6 Rd8 43. Kf2 Rb8 44. h5 gxh5 45. gxh5 b4 46. h6 gxh6 47. Rxf6+ Kg8 48. Rxh6 bxa3 49. bxa3 Rb2+ 50. Kg3 Rb3 51. Re6 Kf8 52. Rf6+ Kg8 53. Re6 Kf8 54. Kg4 Rxa3 55. f4 Nd5 56. f5 Re3 57. Rh6 Ke7 58. Nc4 Re4+ 59. Kg5 Rxd4 60. Rxc6 Rd1 61. Re6+ Kf8 62. f6 Rg1+ 63. Kf5 Rf1+ 64. Ke5 Rxf6 65. Rxf6+ Nxf6 66. Kxf6 a3 67. Nxa3 1/2-1/2